000 00446nmm a2200169Ia 4500
008 251105s9999||||xx |||||||||||||||||und||
020 _a9788431539054
041 _aspa
100 _aCavicchioli, Roberta
245 0 _aGimnasia dulce
264 _a[Madrid, España] :
_bDe Vecchi,
_c2008
300 _a144 páginas
490 _aSalud
650 _aTravel & Sports
856 _uhttps://public.digitaliapublishing.com/a/39736
942 _cCF
999 _c81519
_d81519